Statistics for Six Letter Words

Click here to take the quiz!

General Stats

  • This quiz has been taken 20 times
  • The average score is 4 of 6

Answer Stats

HintAnswer% Correct
MORNING BREWCOFFEE
94%
SOVIET LEADER JOSEPHSTALIN
89%
UNFROZETHAWED
72%
LOW COST LODGINGHOSTEL
50%
PREACHER'S PODIUMPULPIT
44%
INSIGHTWISDOM
17%

Score Distribution

Percentile by Number Answered

Percent of People with Each Score

Your Score History

You have not taken this quiz